The U.S market for semiconductor.
| Corporate Author: | |
|---|---|
| Format: | Book |
| Published: |
Los Angeles:
MATRADE Los Angeles,
2008.
|
| Series: | Product market Study
|
| Subjects: |
| LEADER | 00550cam a2200157 7i4500 | ||
|---|---|---|---|
| 001 | 0000021705 | ||
| 005 | 20081022090000.0 | ||
| 090 | 0 | 0 | |a P 338.476213817 |b MAL |
| 110 | 2 | 0 | |a Malaysia External Trade Development Corporation [MATRADE] |
| 245 | 2 | 0 | |a The U.S market for semiconductor. |
| 260 | 0 | 0 | |a Los Angeles: |b MATRADE Los Angeles, |c 2008. |
| 300 | # | # | |a [n.p]. |
| 440 | 0 | 0 | |a Product market Study |
| 650 | 0 | 0 | |a Semiconductor industry and trade -- |z United States of America |
| 651 | 0 | 0 | |a United States of America |
| 999 | |a 0000022710 |b Book |c Book |e Business Information Centre | ||